000 01352nab a22002177a 4500
999 _c6254
_d6254
003 OSt
005 20260128020707.0
008 190514b xxu||||| |||| 00| 0 spa d
040 _cPJ
100 _96965
_aGilardoni, Victoria
245 1 0 _aDerechos sexuales y reproductivos de las personas con capacidad restringida y discapacidad. La ley 26.130 en el Código Civil y Comercial de la Nación /
_cVictoria Gilardoni.
300 _ap. 12-18
500 _aCita: TR LALEY AR/DOC/2508/2025.
505 _aSumario: I. Introducción. Objetivos.— II. Régimen para las intervenciones de contracepción quirúrgica. Ley 27.655, modificatoria de la 26.130.— III. Convención de los Derechos de las Personas con Discapacidad y la ley 26.657 de "Derecho a la Protección de la Salud Mental".— IV. El consentimiento informado en el Cód. Civ. y Com. Integración con la ley 26.130 y su modificación del año 2021, 27.655.— V. Consagración de la dignidad de la persona humana. Palabras finales.
505 _tSi te interesa el texto, comunicate a koha@justierradelfuego.gov.ar
650 0 _9967
_aDERECHO DE FAMILIA
650 0 _91497
_aCODIGO CIVIL Y COMERCIAL
650 0 _93271
_aPERSONAS CON DISCAPACIDAD
773 0 _02844
_93222
_dBuenos Aires : AbeledoPerrot, 1989-
_tDerecho de familia. N° 122 - Noviembre 2025
_z18511201
942 _2udc
_cANA